| 000 | 00483pab a2200181 454500 | ||
|---|---|---|---|
| 008 | 180718b2017 xxu||||| |||| 00| 0 eng d | ||
| 100 | _aDandekar, Ajay | ||
| 245 | _aLives in debt: narratives of agrarian distress and farmer suicides | ||
| 260 | _c2017 | ||
| 300 | _ap.77-84. | ||
| 362 | _a27 May | ||
| 650 | _aFarmers | ||
| 650 | _aAgrarian structure | ||
| 650 | _aSuicide | ||
| 700 | _aBhattacharya, Sreedeep | ||
| 773 | _aEconomic and Political Weekly | ||
| 909 | _a114861 | ||
| 999 |
_c114855 _d114855 |
||